| 000 -CABECERA |
| Longitud fija campo de control |
00854nam a2200205 a 4500 |
| 001 - NÚMERO DE CONTROL |
| Número de control |
5942 |
| 003 - IDENTIFICADOR DEL NÚMERO DE CONTROL |
| Identificador del número de control |
CDMR |
| 005 - FECHA Y HORA DE LA ÚLTIMA TRANSACCIÓN |
| Fecha y hora de la última transacción |
20231123165143.0 |
| 008 - CÓDIGOS DE INFORMACIÓN DE LONGITUD FIJA |
| Códigos de información de longitud fija |
130220s2009||||||||||||||||||||||||||||d |
| 040 ## - FUENTE DE LA CATALOGACIÓN |
| Centro catalogador de origen |
CDMR |
| Lengua de catalogación |
cat |
| Centro transcriptor |
CDMR |
| 100 ## - PUNTO DE ACCESO PRINCIPAL-NOMBRE DE PERSONA |
| 9 (RLIN) |
4912 |
| Nombre de persona |
Fanals Gubau, Laura |
| 245 13 - MENCIÓN DE TÍTULO |
| Título |
Precarietat laboral i ètica periodística |
| Resto del título |
: una anàlisi de la relació entre condicions de treball i deontologia professional a Catalunya [recurs electrònic] / |
| Mención de responsabilidad, etc. |
Laura Fanals Gubau ; directora: Ruth Rodríguez Martínez |
| 260 ## - PUBLICACIÓN, DISTRIBUCIÓN, ETC. (PIE DE IMPRENTA) |
| Fecha de publicación, distribución, etc. |
2021 |
| 300 ## - DESCRIPCIÓN FÍSICA |
| Extensión |
1 recurs electrònic (970 p.) |
| 505 ## - NOTA DE CONTENIDO CON FORMATO |
| Nota de contenido con formato |
Tesi doctoral llegida a la Universitat Pompeu Fabra el 2021 |
| 650 #0 - PUNTO DE ACCESO ADICIONAL DE MATERIA - TÉRMINO DE MATERIA |
| 9 (RLIN) |
983 |
| Término de materia o nombre geográfico como elemento inicial |
Ètica periodística |
| Subdivisión geográfica |
Catalunya |
| 650 #0 - PUNTO DE ACCESO ADICIONAL DE MATERIA - TÉRMINO DE MATERIA |
| 9 (RLIN) |
3782 |
| Término de materia o nombre geográfico como elemento inicial |
Periodistes |
| Subdivisión de materia general |
Pràctica professional |
| Subdivisión geográfica |
Catalunya |
| 856 40 - LOCALIZACIÓN Y ACCESO ELECTRÓNICO |
| Identificador Uniforme del Recurso (URI) |
<a href="http://hdl.handle.net/10803/670815">http://hdl.handle.net/10803/670815</a> |
| Texto del enlace |
Disponible en línia (TDX) |
| 942 ## - ENTRADA DE ELEMENTOS AGREGADOS (KOHA) |
| Koha [por defecto] tipo de item |
Tesines |
| Fuente de clasificaión o esquema |
|